[Event "Hoogovens-B"]
[Site "Wijk aan Zee"]
[Date "1999.01.28"]
[Round "8"]
[White "Van der Wiel, John"]
[Black "Van den Doel, Erik"]
[Result "1-0"]
[WhiteElo "2529"]
[BlackElo "2547"]
[Annotator "Ftacnik,L"]
[PlyCount "75"]
[EventDate "1999.01.19"]
[EventType "tourn"]
[EventRounds "11"]
[EventCountry "NED"]
[EventCategory "11"]
[SourceTitle "CBM 069"]
[Source "ChessBase"]
[SourceDate "1999.04.01"]
[SourceVersion "1"]
[SourceVersionDate "1999.04.01"]
[SourceQuality "1"]

1. e4 c5 2. Nf3 d6 3. d4 cxd4 4. Nxd4 Nf6 5. Nc3 a6 6. Bc4 e6 7. Bb3 b5 8. O-O
Be7 9. Qf3 Qb6 10. Be3 Qb7 11. Qg3 O-O 12. Bh6 Ne8 13. Rad1 Kh8 (13... Bd7 14.
Rfe1 (14. a3) 14... Kh8 (14... Nc6 $4 15. Nd5 $1 Bd8 16. Nf5 $3 exf5 17. exf5
Ne5 18. Rxe5 $1 dxe5 {Honfi,K-Gerber,R/St.Ingbert/1990/ (18)} (18... dxe5 19.
Bxg7 $3 Nxg7 20. f6 Bxf6 21. Nxf6+ Kh8 22. Rxd7 Rad8 23. Qh4 h5 24. Qg5 $18))
15. Bg5 Bxg5 16. Qxg5 Nc6 (16... b4 17. Qe7 Kg8 18. Nxe6 $18) 17. Re3 $14) 14.
Bc1 (14. Bg5 Bxg5 (14... Bf6 15. Kh1 Nd7 16. f3 Nc5 17. Rd2 b4 18. Nd1 Qb6 19.
Bxf6 gxf6 20. Ne3 Rg8 21. Qh4 a5 22. Rfd1 Bb7 {0-1 Anderson,R-Hermansen,R/Los
Angeles 1991/ (44)}) (14... Nf6 15. f3 Nbd7 16. a3 Ne5 17. Bc1 Bd7 18. f4 Nc6
19. Qd3 Rac8 20. Kh1 Nxd4 21. Qxd4 Bc6 {1/2-1/2 Oral,T-Colovic,A/Katowice 1993/
(52)}) 15. Qxg5 Nf6 (15... b4 16. Na4 $14) 16. f4 (16. Rfe1 b4 17. Na4 Nbd7 18.
Qh4 Ne5 19. Qf4 Bd7 20. Qd2 Rac8 21. f4 Nc4 22. Bxc4 Rxc4 23. b3 Rcc8 24. e5 {
1/2-1/2 Cukier,M-Limp,E/BRA-ch 1995/ (64)}) (16. a3 Nc6 17. Nf3 Qc7 18. Qf4 Rd8
19. e5 Nxe5 20. Nxe5 dxe5 21. Rxd8+ Qxd8 22. Qxe5 Bb7 23. Rd1 Qb6 24. Qd4 Qxd4
25. Rxd4 {1/2-1/2 Lindner,D-Kersten,U/Hamburg 1995/ (52)}) 16... Nxe4 17. Nxe4
Qxe4 18. f5 (18. Qe7 Kg8 19. Qxd6 Bb7 20. Rf2 Nc6 21. Re2 Qxe2 22. Nxe2 Rad8 {
0-1 Guenther,A-Goehler,A/GER 1996/ (37)}) 18... f6 19. fxe6 Bb7 20. Qg3 Qe5 21.
Nf5 Qxg3 22. hxg3 Nc6 23. Nxd6 {1-0 Palac,M-Beran,J/Toulouse 1990/ (28)}) (14.
Be3 Nd7 (14... Nf6 15. f3 Bd7 16. Qf2 Nc6 17. g4 Nxd4 18. Bxd4 Bc6 19. Ne2 Rad8
20. Be3 Nd7 21. c3 Nc5 22. Bc2 e5 23. Ng3 Ne6 {1/2-1/2 Stisis,Y-Mashian,Y/Tel
Aviv 1994/ (40)}) 15. f3 Nc5 16. a3 Nxb3 17. Nxb3 a5 18. e5 dxe5 19. Qxe5 b4
20. axb4 axb4 21. Ne4 f6 22. Qd4 Nc7 23. Qd2 e5 {0-1 Ivanov,A-Kamsky,G/Los
Angeles/1991/ (39)}) 14... Nf6 15. f3 Nc6 (15... Nbd7 16. a3 $14) 16. Nxc6 Qxc6
17. Ne2 Bb7 (17... e5 18. Nc3 $14) 18. Kh1 Rg8 19. Nd4 Qe8 $6 {This is hardly
the best square for the queen in this line.} (19... Qc7 20. c3) 20. Rfe1 Rd8
21. c3 Nd7 (21... Qd7 22. e5 Nd5 23. Bg5 Bxg5 (23... f6 24. exf6 gxf6 25. Nxe6
$18) 24. Qxg5 dxe5 25. Qxe5 $14) 22. f4 Nf6 23. Bc2 d5 (23... Nh5 24. Qh3 Nxf4
25. Bxf4 e5 26. Nf5 (26. Bg3 Bc8 (26... exd4 27. e5 $18) 27. Nf5 (27. Qh5 exd4
28. e5 g6 29. Qf3 d5 30. Rxd4 $16) 27... g6 $14) 26... exf4 27. e5 g6 28. Nxd6
Bxd6 29. exd6 Qd7 30. Qh4 $18) 24. exd5 Bxd5 (24... Nxd5 $2 25. Bxh7 $1 Kxh7
26. Qh3+ Kg6 27. f5+ Kf6 28. Qh4+ g5 29. Qh6+ Rg6 30. Bxg5#) 25. f5 $1 {
[%mdl 128] White pieces are excellently prepared for the attack in the center
and on the kingside.} Bd6 (25... Qd7 $2 26. fxe6 fxe6 27. Nxe6 $18) 26. Qh4 e5
(26... Bxa2 $2 27. Bg5 Qe7 28. Nc6 $18) 27. Bg5 Qe7 28. Ne2 Bc5 (28... Ba8 29.
Nf4 Qb7 30. Bxf6 exf4 31. Bxg7+ $1 Rxg7 32. Qxd8+ $18) 29. Nf4 $1 Ba8 30. Nd3 {
The hero of this game is white knight cleverly jumping in the center to a
great effect.} Qb7 (30... Bd6 31. Nf2 Rc8 (31... Qb7 32. Be4 $18) 32. Be4 Rc4
33. b3 Rxc3 34. Bxa8 Rxa8 35. Ne4 $18) 31. Re2 Be7 32. Nxe5 Rxd1+ (32... Rgf8
33. Nxf7+ Rxf7 34. Rxd8+ Bxd8 35. Bxf6 gxf6 36. Re8+ Kg7 37. Qg4+ Kh6 38. Be4
$18) 33. Bxd1 Rf8 34. Bb3 Kg8 35. Ng6 $1 {It is only logical, that also the
decisive blow is delivered by the knight.} Re8 (35... hxg6 36. fxg6 Rd8 (36...
Qc6 37. Bxf6 $18) 37. gxf7+ Kf8 38. Qh8+ $18) 36. Bxf6 Bf8 (36... gxf6 37.
Bxf7+ $1 Kg7 (37... Kxf7 38. Qxh7#) 38. Bxe8 $18) 37. Nxf8 Rxf8 (37... Rxe2 38.
Qxh7+ Kxf8 39. Qh8#) 38. Qg5 (38. Qg5 g6 39. Qh6 $16) 1-0

[Event "URS-ch56"]
[Site "Odessa"]
[Date "1989.??.??"]
[Round "?"]
[White "Sokolov, Andrei"]
[Black "Gelfand, Boris"]
[Result "1-0"]
[WhiteElo "2595"]
[BlackElo "2590"]
[Annotator "Ftacnik,L"]
[PlyCount "127"]
[EventDate "1989.09.??"]
[EventType "tourn"]
[EventRounds "15"]
[EventCountry "URS"]
[EventCategory "13"]
[SourceTitle "URS-ch"]
[Source "ChessBase"]
[SourceDate "1999.07.01"]
[SourceVersion "1"]
[SourceVersionDate "1999.07.01"]
[SourceQuality "1"]

1. e4 c5 2. Nf3 d6 3. d4 cxd4 4. Nxd4 Nf6 5. Nc3 a6 6. Bc4 e6 7. Bb3 b5 8. O-O
Be7 9. Qf3 Qc7 10. Qg3 O-O 11. Bh6 Ne8 12. Rad1 Bd7 (12... Nc6) 13. f4 $1 Nc6 (
13... b4 14. Nce2 $5 (14. f5 $6 bxc3 15. fxe6 fxe6 16. Nxe6 Bxe6 17. Bxe6+ Kh8
18. Rxf8+ Bxf8 19. Rf1 Nd7 $1 20. Bxd7 Nf6 21. Be6 gxh6 22. Rxf6 Bg7 23. Rf1
cxb2 $17)) 14. Nxc6 Bxc6 15. f5 Kh8 16. Be3 (16. f6 $2 gxh6 17. fxe7 Qxe7 $17)
(16. Bg5 $5) 16... b4 17. Na4 (17. Ne2 $6 e5 $1 (17... Bxe4 18. fxe6 fxe6 19.
Nd4 $16) 18. c3 a5 19. cxb4 axb4 20. Rc1 Qb7 $17) 17... Rb8 $6 (17... e5 18. c3
$14) (17... Nf6 18. fxe6 fxe6 19. Qh3 Nxe4 20. Qxe6 Bf6 $13) 18. fxe6 fxe6 19.
Rxf8+ Bxf8 20. Rf1 Qe7 $8 (20... Nf6 21. Nc5 $1 Nxe4 22. Nxe4 Bxe4 23. Qf4 $18)
21. e5 Bxa4 22. Bg5 Qa7+ 23. Be3 Qe7 24. Bxa4 d5 (24... dxe5 25. Qxe5 $14) 25.
Bg5 Qc5+ 26. Be3 Qe7 (26... d4 27. Qf4 $18) 27. Bg5 Qc5+ 28. Kh1 Nc7 (28... Kg8
29. Qf3 Nc7 30. Qf7+ Kh8 31. Rf3 h6 32. Bxh6 gxh6 33. Rg3 $18) 29. Rf7 Nb5 (
29... Kg8 30. Rd7 Qd4 31. h3 Bc5 32. Rxg7+ $18) 30. Be7 Qxe7 31. Rxe7 Bxe7 32.
Qg4 Rf8 33. g3 Rf5 34. Bxb5 axb5 35. Qe2 Kg8 36. Qxb5 Kf7 37. c3 bxc3 38. bxc3
Rxe5 39. a4 Re3 40. Qc6 Bf6 41. c4 $18 dxc4 42. Qxc4 Rc3 43. Qb5 Rc7 44. Qh5+
Ke7 45. Qxh7 Rd7 46. Qc2 Bd4 47. a5 Kf7 48. Kg2 g6 49. a6 Ba7 50. h4 Re7 51.
Kf3 e5 52. Ke4 Kg7 53. Qc8 Bd4 54. g4 Ra7 55. Qc6 Kh7 56. g5 Rg7 57. Qe8 Rg8
58. Qf7+ Rg7 59. Qf8 Ba7 60. Kxe5 Bg1 61. Kf4 Ba7 62. Kg4 Be3 63. Qe8 Ba7 64.
h5 1-0

[Event "EU-chT (Men) 15th"]
[Site "Gothenburg"]
[Date "2005.08.04"]
[Round "6.2"]
[White "Lie, Kjetil A"]
[Black "Cheparinov, Ivan"]
[Result "1-0"]
[WhiteElo "2472"]
[BlackElo "2634"]
[Annotator "Ftacnik,L"]
[PlyCount "49"]
[EventDate "2005.07.30"]
[EventType "team-swiss"]
[EventRounds "9"]
[EventCountry "SWE"]
[SourceTitle "CBM 109"]
[Source "ChessBase"]
[SourceDate "2005.11.14"]
[SourceVersion "1"]
[SourceVersionDate "2005.11.14"]
[SourceQuality "1"]
[WhiteTeam "Norway"]
[BlackTeam "Bulgaria"]
[WhiteTeamCountry "NOR"]
[BlackTeamCountry "BUL"]

1. e4 c5 2. Nf3 d6 3. d4 cxd4 4. Nxd4 Nf6 5. Nc3 a6 6. Bc4 e6 7. Be3 b5 8. Bb3
Bb7 9. f4 b4 10. Na4 Bxe4 11. f5 {Black certainly needs a nerves of steel to
play this line, for a single pawn the second player will have to endure very
dangerous attack.} (11. O-O Be7 (11... d5 12. f5 e5 13. Nf3 Nbd7 14. Ng5 Be7
15. Nxe4 dxe4 16. Qe2 O-O 17. g4 h6 18. h4 Nh7 19. Rad1 {1-0 Sagafos,M (2073)
-Elsness,F (2396)/Norway 2000/ (64)}) 12. c3 (12. Qe1 d5 13. f5 e5 14. Ne2 d4
15. Bg5 Nbd7 16. Bxf6 Nxf6 17. Ng3 Bc6 18. Qxe5 O-O 19. Rfd1 Nd7 {0-1 Buckley,
S (2237)-Palliser,R (2277)/Newport 2001/ (30)}) 12... a5 13. cxb4 axb4 14. f5
e5 15. Bxf7+ Kxf7 16. Ne6 Qa5 17. Ng5+ Ke8 18. Nb6 Ra6 19. Nxe4 Nxe4 20. Rc1
Rxb6 21. Rc8+ Bd8 {0-1 Forster,R (2380)-Gavrikov,V (2600)/Biel 1994/ (27)})
11... e5 12. Nf3 Bxf5 (12... Nbd7 13. Ng5 d5 14. Nxe4 dxe4 15. g4 h6 16. Qe2
Qc7 17. O-O-O Nc5 $2 (17... Qc6 18. h4 Qb5 19. Qg2 $14) 18. Bxc5 Bxc5 19. h4
Be7 20. g5 hxg5 21. hxg5 Rxh1 22. Rxh1 Ng8 23. f6 gxf6 24. g6 $1 fxg6 25. Qg4
Qc6 26. Rh8 $18 {1/2-1/2 Kobese,W (2419)-Areshchenko,A (2570)/Caleta 2005/ (48)
}) 13. Nxe5 $1 {[%mdl 128] Excellent shot, that clearly defines white's
distinct advantage. Cheparinov will have to play very well just to survive the
mounting attack.} Be6 (13... dxe5 14. Bxf7+ Ke7 15. Bc5+ Kxf7 16. Qxd8 Bxc5 17.
Qxh8 Bd4 18. Qd8 $18) (13... Qe7 14. O-O (14. Bxf7+ Kd8 15. O-O Qxe5 16. Bd4
Bxc2 17. Qd2 Qe4 18. Nc5 $1 $16) 14... dxe5 15. Rxf5 Nbd7 (15... Nc6 16. Nb6
Rd8 17. Qe2 Qb7 18. Ba4 $18) 16. Nb6 Nxb6 17. Bxb6 Qd6 18. Ba4+ Ke7 19. Qxd6+
Kxd6 20. Rxf6+ gxf6 21. Rd1+ Ke6 22. Bd7+ Ke7 23. Bc6 $18) 14. Bxe6 fxe6 15.
Qf3 Nbd7 (15... d5 16. Nb6 (16. Qh3 Qd6 17. Ng6 hxg6 18. Qxh8 Nbd7 19. O-O $14)
16... Bd6 17. Ng4 Nbd7 18. Nxa8 Qxa8 $14) 16. Nxd7 Nxd7 17. O-O Nf6 (17... Ne5
18. Qh3 Qe7 (18... Be7 19. Rad1 $16) 19. Bd4 $16) 18. Bb6 Qb8 (18... Qc8 19.
Bd4 Qd8 20. Bxf6 gxf6 21. Rae1 e5 22. Qh5+ Ke7 (22... Kd7 23. Qg4+ Ke8 24. Qxb4
$18) 23. Rxf6 $1 $18) 19. Rae1 e5 (19... Kf7 20. Qh5+ Kg8 (20... Ke7 21. Qe2 e5
22. Qc4 Qc8 23. Qxb4) 21. Rxf6 gxf6 22. Qg4+ Bg7 23. Qxe6+ Kf8 24. Re3 $18) 20.
Qc6+ Kf7 (20... Nd7 21. Bc7 Qa7+ 22. Nb6 $18) (20... Ke7 21. Bc7 $18) 21. Qc4+
Ke7 22. Rxe5+ $1 {Lie played the whole game in a great style, the rook
sacrifice is effectively finishing the battle.} (22. Qxb4 Kf7 23. Qb3+ $18)
22... dxe5 23. Bc5+ Kd8 (23... Kd7 24. Rd1+ Kc6 25. Be7+ Kb7 26. Qxb4+ $18) 24.
Rd1+ Nd7 25. Qe6 (25. Qe6 Ra7 26. Bb6+ Qxb6+ 27. Qxb6+ Rc7 28. Qb8+ Rc8 29.
Rxd7+ Kxd7 30. Nb6+ $18) 1-0

[Event "FIDE World Cup"]
[Site "Khanty-Mansiysk"]
[Date "2005.11.28"]
[Round "1.2"]
[White "Kobese, Watu"]
[Black "Gelfand, Boris"]
[Result "0-1"]
[WhiteElo "2400"]
[BlackElo "2717"]
[Annotator "Ftacnik,L"]
[PlyCount "50"]
[EventDate "2005.11.27"]
[EventType "k.o."]
[EventRounds "7"]
[EventCountry "RUS"]
[SourceTitle "CBM 111"]
[Source "ChessBase"]
[SourceDate "2006.04.04"]
[SourceVersion "1"]
[SourceVersionDate "2006.04.04"]
[SourceQuality "1"]

1. e4 c5 2. Nf3 d6 3. d4 cxd4 4. Nxd4 Nf6 5. Nc3 a6 6. Bc4 e6 7. Bb3 b5 8. Be3
Bb7 9. f4 Nbd7 10. O-O Be7 11. Bxe6 fxe6 12. Nxe6 Qc8 13. Nxg7+ Kf7 14. Nf5 Bf8
(14... Qc6 15. Nd5 Bf8 16. Nd4 Qc8 17. Qf3 (17. Nf3 Bxd5 18. exd5 Qc4 19. a4 b4
20. Ng5+ Kg8 21. Ne6 Qxd5 22. Nc7 Qxd1 23. Rfxd1 Rc8 24. Nxa6 d5 25. Bd2 Rxc2
26. Nxb4 Rxd2 27. Rxd2 Bxb4 $19 {1-0 Hoogendoorn,J (2377)-Hoffmann,M (2444)/
Enschede 2004 (40)}) 17... Rg8 18. c4 bxc4 19. Rac1 Bxd5 20. exd5 Qc5 21. Ne6
Qxd5 22. Ng5+ Kg7 23. Qh3 Re8 $15 {1-0 Kobese,W (2397)-Gomes,M (2231)/
Gibraltar 2006 (42)}) (14... b4 15. Nd5 Bxd5 16. Nxe7 Kxe7 17. exd5 Qc4 18. Re1
Kf7 19. Bd4 Rhe8 20. Bxf6 Nxf6 21. Qd2 Qc5+ 22. Kf1 Ng4 {0-1 Stam,B-Van Wely,L
(2575)/Haarlem 1995}) 15. e5 $2 {The whole line is quite interesting, but
black does not have to worry. White's pawn advance in the center is too slow
and definitely not the best option .} (15. Nxd6+ $5 Bxd6 16. Qxd6 Nxe4 17. Nxe4
Bxe4 18. Rad1 Rd8 19. c3 Nf6 20. Qxd8 Qxd8 21. Rxd8 Rxd8 22. Bd4 Rg8 23. g3 {
1-0 Voekler,B (2340)-Enders,P (2475)/Germany 1992 (43)}) (15. Bd4 Rg8 16. Nd5
Bxd5 17. exd5 Qb7 18. Ne3 Re8 19. b3 Rg6 20. c4 Kg8 21. Rc1 Re4 22. Nf5 Nxd5
23. cxd5 Qxd5 24. Be5 Rd4 25. Qf3 dxe5 26. Nxd4 Qxd4+ 27. Kh1 e4 $17 {1-0
Bragin,A-Magerramov,E (2565)/Podolsk 1992 (41)}) 15... Rg8 16. Ng3 (16. Rf2
dxe5 17. fxe5 Qc6 (17... Nxe5 $1 18. Nd6+ Bxd6 19. Qxd6 Neg4 20. Nd5 Qd8 $19)
18. Ng3 Nxe5 19. Qh5+ Rg6 20. Qxe5 Re8 21. Qd4 Rxe3 22. Qxe3 Bc5 23. Qf3 $14 {
1-0 Borkowski,F (2415)-Ross,D (2325)/Saint John 1988 (36)}) 16... Qc6 17. Qe2 (
17. Rf2 Ng4 18. e6+ Kxe6 19. Rf3 Kf7 $17) 17... Re8 18. Rad1 (18. exf6 Rxe3 $1
$19) (18. Nce4 Nxe4 19. Qh5+ Kg7 20. Qxe8 Nxg3 21. Rf2 Nf5 $19) 18... dxe5 19.
fxe5 Rxe5 {The game is over before it even begun, white has two misserable
pawns for the sacrificed piece.} 20. Qf2 Rxe3 (20... Rg6 21. Bd4 Rf5 $1 $19)
21. Rxd7+ Qxd7 22. Qxe3 (22. Qxf6+ Ke8 23. Rd1 Bc5 $1 24. Kf1 Rf8 $19) 22...
Qc6 23. Nge4 (23. Qe2 Bc5+ 24. Kh1 Kg7 $19) 23... Rg6 {Gelfand need only to
get away with his king and white position will colapse.} 24. Qh3 Kg8 25. Qf5 (
25. Nxf6+ Rxf6 26. Rxf6 Qxf6 $19) 25... Be7 0-1

[Event "EU-ch 4th"]
[Site "Istanbul"]
[Date "2003.06.07"]
[Round "8"]
[White "Arizmendi Martinez, Julen Luis"]
[Black "Yagupov, Igor"]
[Result "1-0"]
[WhiteElo "2516"]
[BlackElo "2454"]
[Annotator "Ftacnik,L"]
[PlyCount "31"]
[EventDate "2003.05.30"]
[EventType "swiss"]
[EventRounds "13"]
[EventCountry "TUR"]
[SourceTitle "CBM 096"]
[Source "ChessBase"]
[SourceDate "2003.09.25"]
[SourceVersion "1"]
[SourceVersionDate "2003.09.25"]
[SourceQuality "1"]

1. e4 c5 2. Nf3 d6 3. d4 Nf6 4. Nc3 cxd4 5. Nxd4 a6 6. Bc4 e6 7. Bb3 b5 8. Bg5
Be7 9. Qf3 Qc7 10. O-O-O O-O 11. e5 Bb7 12. exf6 Bxf3 13. fxe7 Bxd1 (13... Re8
14. Nxf3 (14. gxf3 Nd7 15. Rhg1 Nc5 16. Bf6 Nxb3+ 17. axb3 g6 18. Rg4 Rxe7 19.
Ne4 Rc8 20. Rd3 b4 21. Rd2 Rd7 {0-1 Sasaki,K-Farley,T/Yerevan 1996/ (46)})
14... d5 15. Nd4 h6 16. Be3 Qxe7 17. f4 Nd7 18. g4 Rac8 19. h4 Nc5 20. Kb1 b4
21. Na4 {1-0 Meszaros,A-Vajda,S/Hungary 1998/ (62)}) 14. Nxe6 $1 {[%mdl 4]
Black is losing without shooting a single round, all this is well known
hopeless stuff.} (14. exf8=Q+ Kxf8 15. Rxd1 d5 16. g3 Nd7 17. Be3 Nc5 18. Kb1
Rc8 19. a3 Qb7 20. f4 b4 21. axb4 Qxb4 22. f5 Nxb3 23. Nxb3 Qg4 {1/2-1/2
Yudasin,L-Novikov,I/Kujbyshev 1986/ (42)}) 14... Qxe7 (14... Qc8 15. exf8=Q+
Qxf8 16. Nxf8 Bg4 17. h3 Bf5 18. g4 b4 19. gxf5 bxc3 20. Be7 cxb2+ 21. Kxb2 Nc6
22. Bxd6 Rd8 23. Ba3 Na5 24. Re1 {1-0 Dubinski,M-Krzesaj,R/Laczna 2002/ (24)})
(14... fxe6 15. Bxe6+ $18) 15. Bxe7 Re8 16. Nc7 (16. Nc7 Rxe7 17. Nxa8 Bh5 18.
Nb6 $18) 1-0

[Event "Mermaid Beach Club"]
[Site "Bermuda"]
[Date "1999.01.21"]
[Round "1"]
[White "Arizmendi Martinez, Julen Luis"]
[Black "Pelletier, Yannick"]
[Result "0-1"]
[WhiteElo "2472"]
[BlackElo "2483"]
[Annotator "Ftacnik,L"]
[PlyCount "58"]
[EventDate "1999.01.21"]
[EventType "tourn"]
[EventRounds "13"]
[EventCountry "BER"]
[EventCategory "9"]
[SourceTitle "CBM 069"]
[Source "ChessBase"]
[SourceDate "1999.04.01"]
[SourceVersion "1"]
[SourceVersionDate "1999.04.01"]
[SourceQuality "1"]

1. e4 c5 2. Nf3 d6 3. d4 cxd4 4. Nxd4 Nf6 5. Nc3 a6 6. Bc4 e6 7. Bb3 b5 8. O-O
Be7 9. Qf3 Qc7 10. Qg3 O-O 11. Bh6 Ne8 12. Rfe1 Bd7 13. a3 (13. Nf5 exf5 14.
Nd5 Qd8 15. exf5 Nc6 (15... Bf6 $5) 16. Rxe7 $1 Nxe7 17. Nf6+ Kh8 18. Nxe8 Nxf5
19. Bxg7+ Kg8 20. Qg4 Nh4 $10 {Bolievich-Lhagvasuren,C/USSR/1987/ (20)}) (13.
a4 b4 14. Nce2 Kh8 (14... Nc6 15. Nxc6 Bxc6 16. Nd4 Bb7 17. Rad1 Bf6 18. Bc1
Qc5 19. Nf3 Qh5 20. Rd3 Be7 21. e5 Bxf3 22. Rxf3 dxe5 23. Qxe5 Qxe5 24. Rxe5
Nf6 {1/2-1/2 Magomedov,M-Vaulin,A/Cheliabinsk 1990/ (61)}) 15. Bg5 Bxg5 16.
Qxg5 Nf6 17. Ng3 Nc6 18. Nxc6 Bxc6 19. Rad1 Rad8 20. Rd3 h6 21. Qf4 Qe7 22. Qh4
Rd7 23. Nh5 Nxh5 24. Qxh5 {1-0 Kasparov,G-Gelfand,B/Paris 1991/ (36)}) (13.
Rad1 Nc6 14. Nxc6 (14. Nce2 Kh8 15. Bg5 Bxg5 16. Qxg5 Nf6 17. f3 Na5 18. Kh1
Rfd8 19. Qg3 Nxb3 20. Nxb3 e5 21. Rd2 Be6 22. Nc3 {1/2-1/2 Molnar,B-Neurohr,S/
St. Ingbert 1990/ (43)}) (14. Bg5 Bxg5 15. Qxg5 b4 16. Na4 Rb8 17. c3 Nxd4 18.
Rxd4 Bxa4 19. Bxa4 bxc3 20. b3 Rc8 21. Rc4 Qb7 22. Rxc8 Qxc8 23. Rc1 Nf6 24.
Qe3 d5 25. Rxc3 {1/2-1/2 Oll,L-Gelfand,B/Sverdlovsk/1987/ (45)}) (14. Kh1 Na5
15. f4 Nxb3 16. axb3 b4 17. Nce2 Kh8 18. Bg5 f6 19. Bh4 e5 20. Nf5 Bxf5 21.
exf5 Qxc2 22. Qg4 Qxb3 23. fxe5 dxe5 24. Rd7 {1-0 Ruisinger,W-De Firmian,N/
Ticino/1993/ (31)}) 14... Bxc6 15. a3 a5 16. Re3 (16. Bf4 Qb7 17. e5 dxe5 18.
Bxe5 Bf6 19. f3 a4 20. Ba2 b4 21. Ne4 Bxe4 22. Rxe4 bxa3 23. bxa3 Bxe5 24. Qxe5
Nf6 {1/2-1/2 Fedorov,V-Joecks,C/BL2-N 1994/ (27)}) 16... b4 17. axb4 axb4 18.
Ne2 Ra5 19. Bf4 Nf6 20. e5 dxe5 21. Bxe5 Rd8 22. Re1 Bd6 23. Bxd6 Qxd6 24. Qxd6
Rxd6 {0-1 Macieja,B-Vaulin,A/Warsaw 1992/ (51)}) (13. Nce2 Nc6 14. Nxc6 Qxc6
15. Nf4 Kh8 16. Bg5 Bxg5 17. Qxg5 Nf6 18. e5 dxe5 19. Qxe5 Rac8 20. a4 Qb6 21.
a5 Qc7 22. Nd3 Rfd8 23. Nb4 {1/2-1/2 Minasian,A-Rodriguez,A/Luzern 1993/ (64)})
13... Nc6 14. Nxc6 Bxc6 15. Re3 $6 {Dubious move, that could have had grave
consequences for white.} a5 (15... Kh8 $5 16. Bg5 (16. Bf4 e5 17. Bg5 f6 18.
Nd5 Qd8 19. Rc3 Bxd5 20. Bxd5 fxg5 21. Bxa8 Qxa8 $17) 16... f6 17. Bh4 g5 18.
Bxe6 gxh4 19. Qf4 $15) 16. Bg5 Bxg5 (16... f6 $2 17. Bxe6+ Kh8 18. Nd5 $18) 17.
Qxg5 Rb8 18. Rae1 a4 19. Ba2 b4 20. axb4 Rxb4 21. Nd1 (21. Rb1 Qb7 $17) 21...
h6 22. Qg3 Nf6 23. f3 (23. e5 $2 Rg4 $17) 23... Nd7 24. Qf2 Ne5 25. Qd2 Rfb8
26. Rc3 Rxb2 $5 {[%mdl 512] Black has found courage for an interesting
sacrifice, that severely tests white's defensive skills.} (26... Qb6+ 27. Kh1
Rd4 $15) 27. Nxb2 Rxb2 28. Ra3 $2 (28. Bc4 a3 (28... Qb6+ 29. Kh1 a3 30. Bb3 $1
(30. Qxd6 Rb1 31. Rd1 Nxc4 32. Rxc4 a2 $19) (30. Rb3 $2 Nxc4 31. Rxb6 Nxd2 32.
Rxc6 a2 $19) 30... a2 31. Rce3 $13) 29. Qe3 (29. Ra1 $2 Qb6+ 30. Qf2 Rb1+ 31.
Rxb1 Qxb1+ 32. Qf1 Qb6+ 33. Kh1 Nxc4 34. Rxc4 a2 $19) 29... a2 30. Bf1 Rb1 31.
Ra3 Bxe4 32. Rxa2 Rxe1 33. Qxe1 Bxf3 $15) 28... Bb5 29. Kh1 (29. Rc1 Qc5+ 30.
Qe3 Qxe3+ 31. Rxe3 Rxa2 $19) 29... Rxc2 {White resigned a bit prematurely,
even though hs problems are very serious.} (29... Rxc2 30. Qe3 Nd3 $17) 0-1

[Event "POL-ch 59th"]
[Site "Warsaw"]
[Date "2002.05.09"]
[Round "10"]
[White "Bobras, Piotr"]
[Black "Lagowski, Patryk"]
[Result "1-0"]
[WhiteElo "2435"]
[BlackElo "2321"]
[Annotator "Ftacnik,L"]
[PlyCount "105"]
[EventDate "2002.04.29"]
[EventType "tourn"]
[EventRounds "13"]
[EventCountry "POL"]
[EventCategory "10"]
[SourceTitle "CBM 089"]
[Source "ChessBase"]
[SourceDate "2002.08.12"]
[SourceVersion "1"]
[SourceVersionDate "2002.08.12"]
[SourceQuality "1"]

1. e4 c5 2. Nf3 d6 3. d4 cxd4 4. Nxd4 Nf6 5. Nc3 a6 6. Bc4 e6 7. O-O b5 8. Bb3
Be7 9. Qf3 Qc7 10. Qg3 O-O 11. Bh6 Ne8 12. Rad1 Bd7 13. Nf3 Nc6 14. Bf4 b4 {
Black does his best to meet opening up of the center with some counterplay.}
15. e5 dxe5 (15... bxc3 16. exd6 Bxd6 17. Bxd6 Nxd6 18. Qxd6 Ra7 19. bxc3 $14)
16. Nxe5 Nxe5 (16... Bd6 17. Rxd6 Qxd6 18. Rd1 Nd4 19. Qe3 bxc3 20. bxc3 Nf6
21. Rxd4 Qe7 22. Nxd7 Nxd7 23. Bd6 $14) (16... bxc3 $2 17. Nxd7 $18) 17. Bxe5
Qb7 (17... Qc8 18. Ne4 $14) 18. Ne4 Qxe4 (18... Bc6 19. Nd6 Bxd6 20. Rxd6 a5
21. Rd4 $14) 19. Rxd7 Bf6 20. f4 g6 $6 {This looks like a true reason for
black's troubles as his queen will have to accept the swap under unfavourable
conditions.} (20... Qc6 $1 21. Qd3 a5 22. c3 bxc3 23. bxc3 Rc8 24. Rf3 g6 25.
Qd4 Bxe5 26. fxe5 Ng7 {0-1 Nijboer,F-Pelletier,Y/Istanbul 2000/ (51)}) 21. Qf3
$1 Qxf3 22. Rxf3 a5 (22... Rd8 23. Ra7 $16) 23. Rb7 Bg7 (23... Rc8 24. c3 bxc3
25. Rxc3 $16) 24. c3 a4 25. Bc2 (25. Bc4 bxc3 26. Rxc3 $14) 25... bxc3 26. Rxc3
Nf6 (26... Bxe5 27. fxe5 f6 28. Re7 fxe5 29. Rxe6 $16) 27. Rc4 Rfc8 (27... a3
28. bxa3 (28. Bd6 Rfc8 29. Rxc8+ Rxc8 30. Bxa3 Nh5 $11) 28... Ng4 29. Bxg7 Kxg7
30. Bb3 $14) 28. Rxc8+ (28. Ra7 $5 Nd5 29. Rxa8 (29. Bxa4 $6 Bxe5 30. Rxc8+
Rxc8 31. fxe5 Ne3 32. b4 Ng4 33. Kf1 Rc1+ 34. Ke2 Nxe5 $14) 29... Rxa8 30. Rxa4
Rxa4 31. Bxa4 Bxe5 (31... Nb4 32. Bxg7 Kxg7 33. a3 Nd3 34. b4 Nxf4 35. b5 Nd5
36. Bb3 $18) 32. fxe5 Nb4 33. a3 Nd3 34. Bb5 $18) 28... Rxc8 29. Rb8 (29. Bxa4
Rc1+ 30. Kf2 Ng4+ 31. Kg3 Bxe5 32. fxe5 Nxe5 $14) 29... Rxb8 30. Bxb8 {Bobras
is certainly better with bishop's pair and a passed pawn, but black has
chances for successful defense.} Ng4 (30... Nd7 31. Bd6 Nb6 32. b3 axb3 33.
Bxb3 $14) 31. Ba7 (31. Bxa4 Bd4+ 32. Kf1 Nxh2+ 33. Ke2 Bxb2 $11) 31... Bxb2 32.
Bxa4 Ba3 (32... Nf6 33. Kf2 Nd5 34. Kf3 $14) 33. Bd4 Nh6 (33... Bc1 34. g3 Be3+
35. Bxe3 Nxe3 36. Bb5 $16) 34. Bc2 Kf8 35. Kf2 Ke7 36. h3 Nf5 $6 (36... f6 37.
g4 Nf7 38. Be3 Nd6 39. Bb3 $14) 37. Bxf5 $1 {[%mdl 4096] The great advantage
of the bishop's pair is the chance to give up for a good cause. The simple
bishop's ending is dangerous for black.} gxf5 (37... exf5 38. Ke2 $14) 38. Be5
f6 39. Bd4 Bd6 40. Ke3 e5 (40... Bc7 41. a4 e5 42. Bc3 Ke6 43. a5 $14) 41. Bb6
Ba3 (41... exf4+ 42. Kf3 Ke6 43. Ba5 Kd5 44. Bd2 $16) 42. Kd3 Kd7 (42... Bc1
43. g3 $1 (43. Be3 Bxe3 44. Kxe3 h5) 43... exf4 44. Kc2 $16) 43. Kc4 Kc6 44.
Be3 h5 45. Bd2 Bc5 46. Bc3 Bd6 (46... exf4 47. Bxf6 Be3 48. a4 $16) 47. a4 e4 (
47... Kb6 48. Kd5 $18) 48. g3 Be7 (48... h4 49. gxh4 Bxf4 50. Bxf6 Bc1 51. Bg5
Bb2 52. Bf4 $18) 49. Bd4 Bd8 50. Bc3 Be7 51. a5 Bd8 (51... Bc5 52. Bxf6 Bf2 53.
Bd4 $1 Bxg3 54. Be3 $18) 52. a6 Kb6 53. Ba5+ $1 1-0